Logo BPK

Biblioteka

Politechniki Koszalińskiej

Rury stalowe w instalacjach sanitarnych / (Rekord nr 11737)

Szczegóły MARC
000 -ETYKIETA REKORDU
podpole kontrolne o stałej długości 01065nam a2200313 i 4500
001 - NUMER KONTROLNY REKORDU
pole kontrolne 11737
003 - IDENTYFIKATOR NUMERU KONTROLNEGO REKORDU
podpole kontrolne KOSZ 005
005 - DATA OSTATNIEJ MODYFIKACJI REKORDU
podpole kontrolne 20201130131130.0
008 - POLE O STAŁEJ DŁUGOŚCI - DANE KONTROLNE
podpole kontrolne o stałej długości 071102s1966 pl a f 000 0 pol
015 ## - NUMER BIBLIOGRAFII NARODOWEJ
Numer bibliografii narodowej PB 1966/6979
040 ## - ŹRÓDŁO KATALOGOWANIA
Instytucja, która sporządziła opis WA N
Instytucja, która utworzyła rekord WA N
Instytucja, która dokonała modyfikacji KOSZ 005/RW
-- KOSZ 005/HR
046 ## - DATY KODOWANE
Pojedyncza data lub początek okresu powstania dzieła lub zbioru dzieł 1966
080 ## - UNIWERSALNA KLASYFIKACJA DZIESIĘTNA - UKD
UKD 696
080 ## - UNIWERSALNA KLASYFIKACJA DZIESIĘTNA - UKD
UKD 697
100 1# - NAZWA OSOBOWA
Nazwa osobowa Kielski, Paweł.
Określenie rodzaju współpracy Autor.
245 10 - TYTUŁ/ODPOWIEDZIALNOŚĆ
Tytuł Rury stalowe w instalacjach sanitarnych /
Pozostałe elementy strefy tytułu i oznaczenia odpowiedzialności Paweł Kielski.
260 ## - STREFA ADRESU WYDAWNICZEGO
Miejsce wydania Warszawa :
Nazwa wydawcy/dystrybutora "Arkady",
Data publikacji, dystrybucji/powstania dokumentu 1966.
300 ## - STREFA OPISU FIZYCZNEGO
Objętość 263, [1] s. :
Inne cechy fizyczne il. ;
Rozmiary 25 cm.
380 ## - FORMA I TYP PUBLIKACJI
Forma i typ publikacji Książki.
388 ## - CZAS POWSTANIA
Czas powstania 1901-2000
504 ## - UWAGA DOTYCZĄCA BIBLIOGRAFII
Informacje o bibliografii Bibliogr. s. 217-[218].
521 8# - UWAGA DOTYCZĄCA PRZEZNACZENIA CZYTELNICZEGO
Przeznaczenie czytelnicze Dla inżynierów sanitarnych, mechaników, budowniczych wodn., pracowników biur projektowych, wykonawstwa i zaopatrzenia.
658 ## - TERMIN INDEKSOWY - PRZEDMIOT PROGRAMU NAUCZANIA
Główny przedmiot programu nauczania Inżynieria i technika
650 #4 - HASŁO PRZEDMIOTOWE W FORMIE NAZWY OGÓLNEJ LUB JEDNOSTKOWEJ
Nazwa ogólna lub geograficzna Instalacje sanitarne
650 #4 - HASŁO PRZEDMIOTOWE W FORMIE NAZWY OGÓLNEJ LUB JEDNOSTKOWEJ
Nazwa ogólna lub geograficzna Rury stalowe
710 2# - HASŁO DODATKOWE - NAZWA CIAŁA ZBIOROWEGO
Nazwa ciała zbiorowego lub jednostki geograficznej Wydawnictwo "Arkady".
Kod określenia powiązania pbl.
856 ## - LOKALIZACJA I DOSTĘP DO ELEKTRONICZNYCH DOKUMENTÓW ZDALNYCH
Link (URL) http://koha.tu.koszalin.pl/cgi-bin/koha/opac-detail.pl?biblionumber=11737
Tekst linku Katalog online BPK
942 ## - DODATKOWE ELEMENTY (KOHA)
Schemat klasyfikacji Uniwersalna Klasyfikacja Dziesiętna
Typ dokumentu Książka
Egzemplarze
Wycofany Status egzemplarza Uszkodzony Dostępność Lokalizacja stała Lokalizacja bieżąca Miejsce przechowywania Sygnatura Kod kreskowy Ostatnio wypożyczono Typ dokumentu
      Dostępny Biblioteka Politechniki Koszalińskiej Biblioteka Politechniki Koszalińskiej Wypożyczalnia BG 8845 01206135 28.06.2021 Książka
      Dostępny Biblioteka Politechniki Koszalińskiej Biblioteka Politechniki Koszalińskiej Wypożyczalnia BG 8845/L 01477405   Książka
      Dostępny Biblioteka Politechniki Koszalińskiej Biblioteka Politechniki Koszalińskiej Wypożyczalnia BG 5406 02191003   Książka
      Dostępny Biblioteka Politechniki Koszalińskiej Biblioteka Politechniki Koszalińskiej Wypożyczalnia BG 5419 02190914 29.05.2020 Książka
© 2023 Biblioteka Politechniki Koszalińskiej :: KOHA